|
|
|
|
| LEADER |
00000cas a2200000 c 4500 |
| 001 |
131048988 |
| 003 |
DE-627 |
| 005 |
20260207121700.0 |
| 007 |
tu |
| 008 |
931118d19581981hu z| m| 0 |0hun c |
| 016 |
7 |
|
|a 016325915
|2 DE-101
|
| 016 |
7 |
|
|a 1102480-X
|2 DE-600
|
| 022 |
|
|
|a 0324-5934
|
| 035 |
|
|
|a (DE-627)131048988
|
| 035 |
|
|
|a (DE-576)029155878
|
| 035 |
|
|
|a (DE-599)ZDB1102480-X
|
| 035 |
|
|
|a (OCoLC)987152815
|
| 040 |
|
|
|a DE-627
|b ger
|c DE-627
|e rakwb
|
| 041 |
|
|
|a hun
|
| 044 |
|
|
|c XA-HU
|
| 082 |
0 |
4 |
|a 050
|q DE-101
|
| 082 |
0 |
4 |
|a 340
|q DE-600
|
| 110 |
2 |
|
|a Pécsi Tudományegyetem
|e VerfasserIn
|0 (DE-588)2038170-0
|0 (DE-627)102635846
|0 (DE-576)19188703X
|4 aut
|
| 245 |
1 |
0 |
|a Studia iuridica auctoritate Universitatis Pécs publicata
|c szerkeszti a Janus Pannonius Tudományegyetem Állam- és Jogtudományi Karának Tudományos Bizottsága
|
| 264 |
3 |
1 |
|a Pécs
|b [Verlag nicht ermittelbar]
|c 1958-1981
|
| 336 |
|
|
|a Text
|b txt
|2 rdacontent
|
| 337 |
|
|
|a ohne Hilfsmittel zu benutzen
|b n
|2 rdamedia
|
| 338 |
|
|
|a Band
|b nc
|2 rdacarrier
|
| 362 |
0 |
|
|a 1.1958 - 97.1981
|
| 363 |
0 |
0 |
|a 1
|i 1958
|
| 363 |
1 |
0 |
|a 97
|i 1981
|
| 591 |
|
|
|a Kopie(1!Autopsie);15!mr-Änderung(25-08-22)
|
| 655 |
|
7 |
|a Monografische Reihe
|0 (DE-588)4179998-7
|0 (DE-627)104628669
|0 (DE-576)209995106
|2 gnd-content
|
| 710 |
2 |
|
|a Pécsi Tudományegyetem
|b Állam- és Jogtudományi Kar
|e Herausgebendes Organ
|0 (DE-588)2038178-5
|0 (DE-627)102636168
|0 (DE-576)191887102
|4 isb
|
| 785 |
0 |
0 |
|i Forts.
|a Pécsi Janus Pannonius Tudományegyetem
|t Studia iuridica auctoritate Universitatis Pécs publicata
|d Pécs : [Verlag nicht ermittelbar], 1982
|w (DE-627)131194852
|w (DE-600)1148986-8
|w (DE-576)041593421
|x 0324-5934
|k Non-Electronic
|
| 889 |
|
|
|w (DE-603)336935145
|
| 889 |
|
|
|w (DE-576)468383832
|
| 889 |
|
|
|w (DE-627)440247047
|
| 935 |
|
|
|i sdedup20221011
|
| 936 |
s |
n |
|a a100
|2 mzub
|
| 951 |
|
|
|a ST
|
| ELC |
|
|
|b 1
|
| LOK |
|
|
|0 000 xxxxxcx a22 zn 4500
|
| LOK |
|
|
|0 001 2188694694
|
| LOK |
|
|
|0 003 DE-627
|
| LOK |
|
|
|0 004 131048988
|
| LOK |
|
|
|0 005 20020307000000
|
| LOK |
|
|
|0 008 970616||||||||||||||||ger|||||||
|
| LOK |
|
|
|0 040
|a DE-21
|c DE-627
|d DE-21
|
| LOK |
|
|
|0 852
|a DE-21
|
| LOK |
|
|
|0 852 1
|9 00
|
| LOK |
|
|
|0 935
|a konv
|
| LOK |
|
|
|0 939
|a 16-06-97
|b l01
|
| LOK |
|
|
|0 000 xxxxxcx a22 zn 4500
|
| LOK |
|
|
|0 001 2188694708
|
| LOK |
|
|
|0 003 DE-627
|
| LOK |
|
|
|0 004 131048988
|
| LOK |
|
|
|0 005 20020309000000
|
| LOK |
|
|
|0 008 970120||||||||||||||||ger|||||||
|
| LOK |
|
|
|0 040
|a DE-21-24
|c DE-627
|d DE-21-24
|
| LOK |
|
|
|0 852
|a DE-21-24
|
| LOK |
|
|
|0 852 1
|m p
|9 00
|
| LOK |
|
|
|0 938
|k p
|
| LOK |
|
|
|0 939
|a 20-01-97
|b l01
|
| LOK |
|
|
|0 000 xxxxxcx a22 zn 4500
|
| LOK |
|
|
|0 001 2594608823
|
| LOK |
|
|
|0 003 DE-627
|
| LOK |
|
|
|0 004 131048988
|
| LOK |
|
|
|0 005 20090309173008
|
| LOK |
|
|
|0 008 090309||||||||||||||||ger|||||||
|
| LOK |
|
|
|0 040
|a DE-Frei85
|c DE-627
|d DE-Frei85
|
| LOK |
|
|
|0 852
|a DE-Frei85
|
| LOK |
|
|
|0 852 1
|m p
|9 00
|
| LOK |
|
|
|0 938
|k p
|
| LOK |
|
|
|0 939
|a 09-03-09
|b l01
|
| ORI |
|
|
|a SA-MARC-krimdokb001.raw
|
| SPR |
|
|
|a 1
|t KRI
|